000
00235 a2200085 4500
001
68968
090
_c
38668
_d
38668
245
_a
Life of Muhammad; a translation of Ibn Ishaq's Sirat Rasul Allah
260
_a
Karachi
_b
Oxford Universitry Press
_c
2007
942
_a
NUST-CAE
999
_c
304041
_d
304041